Responses for Show #1773 - Wednesday, April 22, 1992

Contestants

[<< previous game]

Andrew Boynton, a modern dancer from New York City, New York

Toni Betz, an 8th grade teacher from Bryn Mawr, Pennsylvania

Patrick McMahon, a financial analyst from Pittsburgh, Pennsylvania (whose 1-day cash winnings total $14,001)

[next game >>]

Jeopardy! Round responses

ANCIENT HISTORY
COMIC BOOKS
GREEN THINGS
PLAYS
WEIGHTS & MEASURES
HOMOPHONES
    $100 1
the Great Wall of China

Patrick
    $100 4
Spider-Man

Patrick
    $100 16
the eye

Toni
    $100 7
Happy Days

Patrick
    $100 19
the Earth

Toni
    $100 11
boar/bore

Patrick
    $200 2
Alexander the Great

Patrick
    $200 8
Jughead

Patrick
    $200 18
the Astrodome

Andrew
    $200 10
Spanish

Triple Stumper
    $200 27
90

Patrick
    $200 21
a mask/masque

Patrick
    $300 3
Crete

Andrew
    $300 9
the Incredible Hulk

Andrew
    $500 20
(Alex: Do you have children?)
(Toni: They're not little anymore; I watched a lot of Sesame Street.)

Kermit (the Frog)

Toni
    $300 13
[Toni said "The" instead of "A".]

A Doll's House

Toni
    $300 28
stones

Andrew
    $300 24
(Alex: Yes, and we have a minute to go.)

a vale/veil

Toni
    $400 5
Cicero

Toni
    $400 12
(Andrew: Who is Isis?)

Wonder Woman

ToniAndrew
    $400 22
(Alex: Remember, we said the ink was black on the front of the bill; we said that on yesterday's show, I believe.)
[NOTE: It was the April 20 show.]

(1 of) the serial number or the Treasury seal

Triple Stumper
    $400 14
Inherit the Wind

Patrick
    $400 29
a magnum

Patrick
    $400 25
a principle/principal

Patrick
    $500 6
(Patrick: What is the Levant?)

Phoenicia

PatrickToni
    $500 15
Lana Lang

Patrick
    $500 23
teas

Triple Stumper
    $500 17
(John) Steinbeck

Patrick
    $500 30
a nautical mile

Patrick
    $500 26
a burgher/burger

Toni

Scores at the first commercial break (after clue 15):

Patrick Toni Andrew
$1,200 $1,600 $200

Scores at the end of the Jeopardy! Round:

Patrick Toni Andrew
$3,400 $3,100 $700

Double Jeopardy! Round responses

NEBRASKA
DIRECTORS
QUOTES
FAMOUS WOMEN
NEWSPAPERS
THE 20th CENTURY
    $200 12
Lincoln

Andrew
    $200 1
(Andrew: What is 15?)
(Toni: What is 10?)
[Laughter]
...
(Alex: Amazing that you could that so easily.)
[Laughter]

5

PatrickToniAndrew
    $200 5
(General) MacArthur

Patrick
    $200 8
Sonja Henie

Patrick
    $200 9
(Andrew: What is London?)

Paris

PatrickAndrew
    $200 2
Nicaragua

Patrick
    $400 26
(Alex: Less than a minute to go.)

the Oregon Trail

Patrick
    $400 10
Reversal of Fortune

Toni
    $400 20
the Soviet Union

Patrick
    $400 11
Sally Rand

Andrew
    $400 14
Belgium

Andrew
    $400 3
Amelia Earhart

Patrick
    $600 27
Omaha

Patrick
    $600 15
Rob Reiner

Toni
    $600 23
(Boss) Tweed

Andrew
    $600 13
Perle Mesta

Andrew
    $600 18
The Washington Post

Patrick
    $600 4
the Dalai Lama

Andrew
    $1,000 28
(Bob) Kerry

Patrick
    $800 21
[ERRATUM: The correct title is Viskningar och rop.]

Ingmar Bergman

Andrew
    $800 24
red

Andrew
    $800 16
Lorraine Hansberry

Andrew
    $800 19
Los Angeles Times

Andrew
    $800 6
Edwin Meese

Toni
    $1000 29
Arbor Day

Toni
    $1000 22
(Patrick: Who is Bertolucci?)

(Federico) Fellini

PatrickToni
    $1000 25
Woodrow Wilson

Patrick
    $1,000 17
(Andrew: [Shakes head])

Maria Montessori

Andrew
    $1000 30
(William Randolph) Hearst

Patrick
    $1000 7
Samuel K. Doe

Triple Stumper

Scores at the end of the Double Jeopardy! Round:

Patrick Toni Andrew
$8,800 $6,700 $5,300

[wagering suggestions for these scores]

Final Jeopardy! Round responses

THE ELEMENTS
(Alex: [To Andrew] Liquid at room temperature.)
AndrewWhat is mercury?
$3,600
ToniWhat is gold?
$2,799
PatrickWhat is mercury?
$4,601
mercury

Final scores:

Patrick Toni Andrew
$13,401 $3,901 $8,900
2-day champion: $27,402 3rd place: Ricardo Beverly Hills luggage & Nintendo Entertainment System with Super Jeopardy! & Wheel of Fortune + InfoGenius for Game Boy 2nd place: trip on Delta to Washington, D.C. & stay at Loews L'Enfant Plaza Hotel

Game dynamics:

Coryat scores:

Patrick Toni Andrew
$8,600 $6,500 $6,300
27 R
(including 1 DD),
2 W
14 R
(including 1 DD),
1 W
14 R,
4 W
(including 1 DD)

Combined Coryat: $21,400

[game clues] [game scores] [suggest correction]

Game tape date: 1992-01-13
The J! Archive is created by fans, for fans. Scraping, republication, monetization, and malicious use prohibited; this site may use cookies and collect identifying information. See terms. The Jeopardy! game show and all elements thereof, including but not limited to copyright and trademark thereto, are the property of Jeopardy Productions, Inc. and are protected under law. This website is not affiliated with, sponsored by, or operated by Jeopardy Productions, Inc. Join the discussion at JBoard.tv.